00269nam a2200121 a 450000500170000002000180001710000190003524500210005426000250007530000110010004100080011165000280011920260702181356.0 a97897312349871 aMolnar, Ferenc10aA Pal utcai fiuk aBudapestbMorac2012 a198 p.0 ahun 0aLiteratura pentru copii